[Event "Turkey IS Bank Super League 2017"]
[Site "Darica-Kocaeli"]
[Date "2017.07.29"]
[Round "4"]
[White "Kravtsiv, Martyn"]
[Black "Najer, Evgeniy"]
[Result "1/2-1/2"]
[WhiteElo "2657"]
[BlackElo "2706"]
[Annotator "TA"]
[PlyCount "57"]
[EventType "team-tourn"]
[EventCountry "TUR"]
[SourceTitle "playchess.com"]
[Source "ChessBase"]
[SourceQuality "1"]

{[%evp 19,57,20,15,0,0,-11,0,-25,56,47,62,45,70,64,58,68,111,91,99,105,118,82,142,89,93,0,0,0,0,0,0,-1,0,0,0,-6,0,0,0,-16]} 1. e4 c6 2. d4 d5 3. e5 Bf5 4. Nd2 e6 5. Nb3 Nd7 6. Nf3 a6 {B12: Caro-Kann: Advance Variation} 7. Be2 c5 8. dxc5 Bxc5 9. Nxc5 Nxc5 10. Be3 Rc8 {LiveBook: 8 Games} 11. O-O Ne7 12. c4 O-O 13. Rc1 {[#]} Qa5 $146 (13... Nd7 $11) ({Predecessor:} 13... Nd7 14. Bg5 {½-½ (27) Van Kampen,R (2519)-Turov,M (2630) Haarlem 2011}) 14. Bg5 $14 Ng6 15. cxd5 Ne4 16. Be3 {Hoping for Rxc8.} Qxa2 17. dxe6 Qxe6 {[#]} 18. Rxc8 $1 Qxc8 19. Qd4 Rd8 20. Qb4 {Black must now prevent g4!} h5 ({Black should try} 20... Qb8) 21. h3 (21. Rc1 $142 Qd7 22. Rc4) 21... Qb8 $16 22. g4 (22. Nd4 $16 Qxe5 23. Nxf5 Qxf5 24. Qxb7) 22... hxg4 $11 {The position is equal.} 23. hxg4 a5 $1 {[%cal Ra5b4]} 24. Qa4 b5 $1 {[%cal Rb5a4]} 25. Qc2 ({Reject} 25. Bxb5 Bxg4 26. Qxe4 Bxf3 $15) 25... Rc8 26. Qd3 Rd8 27. Qc2 Rc8 28. Qd3 Rd8 29. Qc2 {Precision: White = 66%, Black = 48%.} 1/2-1/2

[Event "Turkey IS Bank Super League 2017"]
[Site "Darica-Kocaeli"]
[Date "2017.07.29"]
[Round "4"]
[White "Anton Guijarro, David"]
[Black "Mammadov, Nijat"]
[Result "1/2-1/2"]
[WhiteElo "2654"]
[BlackElo "1225"]
[Annotator "TA"]
[PlyCount "108"]
[EventType "team-tourn"]
[EventCountry "TUR"]
[SourceTitle "playchess.com"]
[Source "ChessBase"]
[SourceQuality "1"]

{[%evp 9,108,2,9,7,6,15,25,25,27,25,25,25,25,25,20,24,29,8,28,15,43,29,54,35,30,16,25,0,0,0,41,41,41,41,41,41,47,56,61,54,78,61,67,50,67,70,71,20,58,16,25,20,30,18,15,8,18,6,12,0,0,0,0,0,0,0,0,0,0,0,0,0,0,0,0,0,0,0,0,0,0,0,0,0,0,0,0,-16,-16,-20,-29,-29,0,0,-6,-2,0,0,0,0,0]} 1. d4 d5 2. c4 c6 3. Nf3 Nf6 4. Nbd2 Bf5 5. Nh4 Be4 6. f3 {D11: Slav Defence: 3 Nf3 sidelines and 3...Nf6 4 e3 Bg4} (6. Qb3 Qc7 7. Nxe4 Nxe4 8. Nf3 e6 9. a3 Nd7 10. e3 Be7 11. Bd3 O-O 12. Qc2 f5 {½-½ (45) Grandelius,N (2642)-Blomqvist,E (2552) Stockholm 2017}) 6... Bg6 $1 7. Qb3 Qb6 8. cxd5 {White has an edge.} cxd5 9. Qxb6 axb6 10. Nxg6 hxg6 11. e3 Nc6 12. Kf2 $146 ({Predecessor:} 12. Bb5 e6 {1-0 (47) Eigemann,F (1957)-Finke,M (1976) Naumburg Saale 2014}) 12... e6 13. Bb5 Bd6 14. h3 Ke7 15. Nb3 Na5 {[#] aiming for ...Nxb3.} 16. Nxa5 bxa5 17. Bd2 Bb4 18. Bc3 Rhc8 19. Rhc1 Bxc3 20. bxc3 Rc7 21. Ke2 Rac8 22. Kd3 Kd6 23. Rab1 e5 24. Kd2 b6 25. Ba4 Rc4 26. Bd1 exd4 27. exd4 Kc7 28. Rb5 ({Better is} 28. Bb3 $16) 28... Rc6 29. Be2 Rd8 30. Rbb1 Nh5 31. Bb5 Re6 32. Re1 Nf4 33. Rxe6 Nxe6 $11 {[%mdl 4096] Endgame KRB-KRN} 34. Ke3 (34. f4 $5) 34... g5 35. a4 Kb7 (35... Nf4 $5 {[%cal Rf4g2]}) 36. Kd2 Kc7 37. Re1 Kd6 38. Re5 f6 39. Re1 Nf4 40. Bf1 Ne6 41. Rb1 Kc6 42. g3 Nc7 43. Re1 Kd6 44. Rb1 Kc6 45. Ke3 Re8+ 46. Kf2 Rd8 47. Re1 b5 48. axb5+ Nxb5 49. Ra1 Ra8 50. Ke3 a4 ({Not} 50... Nxc3 $2 51. Rc1 $18) 51. Kd2 {The position is equal.} Nd6 52. Bd3 Nc4+ 53. Kc2 a3 (53... f5 $5) 54. h4 gxh4 {Precision: White = 67%, Black = 75%.} 1/2-1/2

[Event "Turkey IS Bank Super League 2017"]
[Site "Darica-Kocaeli"]
[Date "2017.07.29"]
[Round "4"]
[White "Zhigalko, Sergei"]
[Black "Solak, Dragan"]
[Result "1/2-1/2"]
[WhiteElo "2648"]
[BlackElo "2624"]
[Annotator "TA"]
[PlyCount "47"]
[EventType "team-tourn"]
[EventCountry "TUR"]
[SourceTitle "playchess.com"]
[Source "ChessBase"]
[SourceQuality "1"]

{[%evp 21,47,17,29,36,8,7,12,5,6,8,10,0,11,10,15,14,32,0,7,0,15,30,30,0,13,0,35,0]} 1. e4 c6 2. d4 d5 3. e5 Bf5 4. Nf3 e6 5. Be2 c5 6. O-O Nc6 7. c3 cxd4 {B12: Caro-Kann: Advance Variation} 8. Nxd4 Nge7 9. Nxf5 Nxf5 10. Bd3 g6 11. Qe2 Bg7 {LiveBook: 3 Games} 12. f4 O-O 13. Nd2 f6 14. exf6 Qxf6 15. Nf3 {[#]} Rae8 $146 16. Bb5 Qd8 17. Kh1 Qb6 18. Ba4 Re7 19. Re1 Kh8 20. Bb3 Na5 (20... e5 $5) 21. Bc2 Nc6 22. Bb3 Na5 23. Bc2 (23. g4 $5 {[%cal Rg4f5]} Nh6 24. h3 $14) 23... Nc6 24. Bb3 {Precision: White = 45%, Black = 78%.} 1/2-1/2

[Event "Turkey IS Bank Super League 2017"]
[Site "Darica-Kocaeli"]
[Date "2017.07.29"]
[Round "4"]
[White "Guseinov, Gadir"]
[Black "Paichadze, Luka"]
[Result "1/2-1/2"]
[WhiteElo "2645"]
[BlackElo "2581"]
[Annotator "TA"]
[PlyCount "100"]
[EventType "team-tourn"]
[EventCountry "TUR"]
[SourceTitle "playchess.com"]
[Source "ChessBase"]
[SourceQuality "1"]

{[%evp 22,100,27,32,40,29,19,34,28,28,29,29,13,-14,0,0,0,0,0,0,0,0,0,0,0,-63,-55,-47,-21,-23,0,0,0,-53,10,13,16,13,21,12,15,0,0,0,176,147,146,150,147,147,123,0,0,0,0,0,0,0,0,0,0,0,0,0,0,0,0,0,0,0,0,0,0,0,0,0,0,0,0,0,0]} 1. e4 c6 2. d4 d5 3. Nc3 dxe4 4. Nxe4 Bf5 5. Ng3 Bg6 6. h4 h6 7. Nf3 e6 8. Ne5 Bh7 9. Bd3 Bxd3 10. Qxd3 Nf6 11. Bf4 Nbd7 12. O-O-O {LiveBook: 14 Games. B19: Classical Caro-Kann: 4...Bf5 main line} (12. Qb3 Qb6 13. Nc4 Qb5 14. Bd6 Be7 15. O-O Nb6 16. Qxb5 cxb5 17. Nxb6 axb6 18. Bxe7 Kxe7 19. a3 Rhd8 {1-0 (63) Topalov,V (2700)-Anand,V (2781) Monte Carlo 1999}) 12... Nxe5 13. dxe5 Qxd3 14. Rxd3 (14. cxd3 Nd5 $15) 14... Nd5 15. Bd2 b5 $146 ({Predecessor:} 15... O-O-O 16. Rf3 Rd7 17. Ne4 b6 18. Rd1 Kd8 19. c4 Nc7 {1-0 (37) Pap,M (2413)-Lukic,M (2099) Backa Palanka 2002}) 16. Re1 Be7 17. Re4 O-O 18. c4 Nb6 $36 {[%mdl 2048] Black is pushing.} 19. b3 bxc4 20. bxc4 Rad8 21. Rxd8 Rxd8 22. Kc2 Bc5 23. Be3 (23. f3 $11) 23... Bxe3 $15 24. fxe3 {[%mdl 4096] Endgame KRN-KRN} Rb8 25. Nh5 Na4 (25... Kf8 $5 {[%cal Rb6a4]}) 26. Rg4 Rb2+ 27. Kc1 (27. Kd3 $1 $11) 27... Rxa2 ({Black should play} 27... Rf2 $15 28. Rxg7+ Kf8) 28. Rxg7+ $11 Kf8 29. Rh7 {Rh8+ would kill now.} Ke7 ({Don't blunder} 29... Rxg2 $2 30. Nf6 $18) 30. Nf6 {White threatens Rh8 and mate.} Kd8 $1 ({Worse is} 30... Rxg2 31. Rh8 Rg1+ 32. Kd2 Rg2+ 33. Ke1 Rg1+ 34. Kf2 Rf1+ 35. Kxf1 c5 36. Re8#) 31. Rxh6 {And now h5 would win.} Rxg2 32. h5 {[%cal Bh4h5,Bh5h6][%mdl 32]} Nc5 $2 (32... Re2 $11 {and Black has nothing to worry.}) 33. Rh8+ $18 Kc7 {[#]} 34. h6 $1 {[%cal Rh6h7] Threatens to win with h7.} Nd7 35. Nxd7 Kxd7 $16 {[#] KR-KR} 36. Ra8 (36. Rf8 $1 $16 {[%cal Rf8f7]} Rh2 37. Rxf7+ Ke8 38. Rc7 (38. Rxa7 Rxh6 39. Kd2 Rh5 $16) 38... Rxh6 39. Rxc6) 36... Rh2 $11 {The position is equal.} 37. Rxa7+ Kd8 38. Ra8+ Kc7 $1 39. Ra7+ Kd8 40. Rxf7 {Strongly threatening h7.} (40. e4 {seems wilder.} Rxh6 41. Kd2 Rh5 42. Rxf7 Rxe5 43. Ke3) 40... Rxh6 41. Rf6 Rh1+ 42. Kd2 Ke7 43. Kd3 c5 44. Rf4 Rh5 45. Ke4 Ke8 46. Rg4 Kf7 47. Rf4+ Ke7 48. Rg4 Kf7 49. Rg1 Rh4+ 50. Kd3 Rh5 {Precision: White = 66%, Black = 68%.} 1/2-1/2

[Event "Turkey IS Bank Super League 2017"]
[Site "Darica-Kocaeli"]
[Date "2017.07.29"]
[Round "4"]
[White "Safarli, Eltaj"]
[Black "Pantsulaia, Levan"]
[Result "1-0"]
[WhiteElo "2641"]
[BlackElo "2585"]
[Annotator "TA"]
[PlyCount "91"]
[EventType "team-tourn"]
[EventCountry "TUR"]
[SourceTitle "playchess.com"]
[Source "ChessBase"]
[SourceQuality "1"]

{[%evp 25,91,34,35,28,38,18,23,12,13,15,26,17,33,-17,41,0,0,0,13,16,6,7,13,10,8,7,12,11,32,0,0,0,0,0,0,0,0,0,0,0,0,0,18,27,40,33,26,30,116,81,186,190,1737,1723,1674,1795,1741,1674,1484,1484,1012,145,12831,5481,5281,2597,29990,29991]} 1. e4 c5 2. Nf3 e6 3. d4 cxd4 4. Nxd4 a6 5. Bd3 Bc5 6. Nb3 Ba7 7. Qe2 Nc6 8. Be3 d6 9. O-O Nf6 10. c4 {B42: Sicilian: Kan Variation: 5 Bd3} e5 11. Nc3 Be6 12. Bxa7 Rxa7 13. Rfd1 O-O {LiveBook: 3 Games} 14. Qe3 Qb8 {[#]} 15. Be2 $146 ({Predecessor:} 15. Rd2 Rd8 16. Rad1 {½-½ (53) Quesada Perez,Y (2620)-Felgaer,R (2577) Toluca 2011}) 15... b6 16. Rd2 Rd8 17. Rad1 Rb7 18. Nd5 {Strongly threatening Nxf6+.} Nd7 19. Qg3 a5 (19... Nc5 $11 20. Qe3 (20. Nf6+ Kh8 $11) 20... Nxb3 21. axb3 b5) 20. Ne3 Nc5 21. Nf5 Bxf5 22. Nxc5 bxc5 23. exf5 {[%cal Be4f5,Bf5f6][%mdl 32]} Nd4 24. f6 $1 {[%csl Gf6][%cal Rg3g7]} g6 25. Qg5 Rdd7 ({Don't go for} 25... Rxb2 $2 26. Rxd4 $1 {[%mdl 512]} Rd7 27. Rd5 $18) 26. Bg4 {Threatening Qh6.} Rdc7 $1 27. b3 Qf8 28. Bf3 h6 29. Qg3 Rb8 30. Bd5 {Qxg6+ is the strong threat.} Kh7 31. f4 $36 {[%mdl 2048] White is more active.} Re8 32. fxe5 Rxe5 33. Re1 Nf5 (33... Rg5 $5 {[%cal Rg5g3]} 34. Qh4 Rh5 $11) 34. Qf2 h5 35. Rxe5 dxe5 36. Qe1 Qe8 (36... Qd8 $11 {keeps the balance.}) 37. Re2 Ra7 (37... Qd7 $16) 38. Rxe5 Qd8 $2 {[#]} (38... Qb8) 39. Rxf5 $1 $18 gxf5 {[%mdl 4096] Endgame KQR-KQB} 40. Qh4 Qf8 41. Qxh5+ Qh6 42. Qxf5+ Qg6 43. Qe5 $2 ({Less strong is} 43. Qh3+ Kg8 $18) (43. Qf4 $18 {is the precise move to win. Threatens to win with Be4.} Qb1+ 44. Kf2 Qc2+ 45. Kg3 Qg6+ 46. Kh4 Qh6+ 47. Qxh6+ Kxh6 48. Be4) 43... Qb1+ $2 {[%mdl 8192]} (43... Qg4 $16 44. Kf2 (44. Be4+ Kh6 $18) 44... Kh6) 44. Kf2 {Be4+ would kill now.} Qc2+ 45. Kg3 {Threatening mate with Be4+.} Qd3+ 46. Kh4 {Precision: White = 52%, Black = 48%.} 1-0

[Event "Turkey IS Bank Super League 2017"]
[Site "Darica-Kocaeli"]
[Date "2017.07.29"]
[Round "4"]
[White "Swiercz, Dariusz"]
[Black "Mamedov, Rauf"]
[Result "1/2-1/2"]
[WhiteElo "2637"]
[BlackElo "2680"]
[Annotator "TA"]
[PlyCount "62"]
[EventType "team-tourn"]
[EventCountry "TUR"]
[SourceTitle "playchess.com"]
[Source "ChessBase"]
[SourceQuality "1"]

{[%evp 29,62,8,23,20,30,31,31,31,31,30,29,38,31,35,32,23,25,23,39,31,41,40,41,10,12,0,0,0,0,0,6,0,0,0,10]} 1. e4 c5 2. Nf3 Nc6 3. d4 cxd4 4. Nxd4 Nf6 5. Nc3 e5 6. Ndb5 d6 7. Bg5 a6 8. Na3 b5 9. Nd5 Be7 10. Bxf6 Bxf6 11. c4 b4 {B33: Sicilian: Pelikan and Sveshnikov Variations} 12. Nc2 O-O 13. g3 (13. h4 a5 14. g3 Be6 15. Bh3 a4 16. Nce3 Nd4 17. Kf1 b3 18. axb3 Nxb3 19. Ra2 Nc5 20. Kg2 Rb8 21. Nc3 Qd7 22. Qc2 Ra8 23. Nb5 Rab8 24. Nc3 Ra8 25. Nb5 Rab8 26. Nc3 {½-½ (27) Motylev,A (2665)-Grachev,B (2658) Sochi 2017}) 13... a5 14. Bg2 Bg5 15. O-O Be6 {LiveBook: 63 Games} 16. Qd3 Bxd5 17. cxd5 Nb8 18. h4 Bh6 19. a3 Na6 $146 20. axb4 Nxb4 21. Nxb4 axb4 22. Ra6 Rxa6 23. Qxa6 Qc7 24. Ra1 Qc5 25. Qc6 Qd4 26. Qc2 g6 {The position is equal.} 27. Rd1 Qb6 28. Ra1 Qd4 29. Rd1 Qb6 30. Ra1 Qd4 31. Rd1 Qb6 {Precision: White = 55%, Black = 78%.} 1/2-1/2

[Event "Turkey IS Bank Super League 2017"]
[Site "Darica-Kocaeli"]
[Date "2017.07.29"]
[Round "4"]
[White "Krasenkow, Michal"]
[Black "Demircioglu, Emre"]
[Result "1-0"]
[WhiteElo "2630"]
[BlackElo "2265"]
[Annotator "TA"]
[PlyCount "105"]
[EventType "team-tourn"]
[EventCountry "TUR"]
[SourceTitle "playchess.com"]
[Source "ChessBase"]
[SourceQuality "1"]

{[%evp 17,105,7,16,0,0,0,0,-15,-14,-12,37,31,33,33,32,33,69,47,58,47,38,39,57,32,67,48,49,41,51,58,105,93,71,72,95,99,115,87,82,87,60,77,178,178,171,156,153,126,143,99,100,70,69,60,70,62,75,39,141,127,148,149,316,297,304,290,317,254,231,247,238,183,423,406,582,527,564,568,569,565,583,588,587,579,1119,1119,1072,1072,1065,1027]} 1. d4 Nf6 2. c4 e6 3. Nf3 d5 4. Nc3 Be7 5. Bf4 O-O 6. e3 Nbd7 7. c5 Nh5 8. Be5 {D37: Queen's Gambit Declined: 5 Bf4} (8. Bd3 Nxf4 9. exf4 c6 10. Qc2 h6 11. O-O Qc7 12. Ne5 Nxe5 13. fxe5 Bd7 14. a3 b6 15. b4 bxc5 16. bxc5 {0-1 (40) Giri,A (2775)-Radjabov,T (2724) Geneve 2017}) 8... Nxe5 9. Nxe5 Nf6 {LiveBook: 3 Games} 10. f4 $146 {The position is equal.} ({Predecessor:} 10. Bd3 Nd7 11. f4 Nxe5 12. fxe5 f5 13. O-O Bd7 14. b4 b6 15. Ba6 c6 {0-1 (132) Can,E (2524)-Bulmaga,I (2375) Skopje 2014}) 10... Nd7 11. Nf3 c6 12. Bd3 b6 13. b4 bxc5 (13... a5 $5 {[%cal Ra5b4]} 14. a3 axb4 15. axb4 Rxa1 16. Qxa1 Bb7 $11) 14. bxc5 Qa5 15. Qd2 Bf6 {Threatening ...Nxc5!} 16. Rc1 Kh8 17. O-O Ba6 18. Bxa6 Qxa6 19. e4 dxe4 20. Nxe4 Rad8 21. Nd6 Be7 22. Ne5 {[%cal Bf3e5,Be5c4,Bc4a5][%mdl 32]} Bxd6 23. cxd6 Nb8 24. f5 exf5 25. Rxf5 f6 26. Nc4 Nd7 27. Na5 $36 {[%mdl 2048] White has strong initiative.} Nb8 28. Qb4 Qb6 29. Qc5 Nd7 (29... Rfe8 $16) 30. Qxb6 $18 ({Weaker is} 30. Qxc6 Qxd4+ 31. Rf2 Ne5 $17) 30... Nxb6 31. Rxc6 Rd7 32. Rfc5 h6 33. Nb3 Rfd8 34. Rc7 {Strongly threatening Na5.} Rxd6 35. Rxa7 Nd5 36. Kf2 Re6 37. Rca5 Kh7 ({Better is} 37... Ree8 $14) 38. Nc5 $16 Ree8 39. Rb7 Nf4 $2 {[#]} (39... Nc3 $16) 40. Raa7 $18 Rg8 41. g3 Nh5 42. Ne6 Rd6 43. Re7 f5 44. h3 {[%cal Bh2h3,Bh3g4][%mdl 32]} Kg6 $2 {[#]} (44... Rc6 45. d5 Rd6) 45. g4 fxg4 (45... Kf6 $142 46. d5 (46. gxh5 Rxe6 47. Rxe6+ Kxe6 $16) 46... fxg4 47. hxg4 Rxd5 48. gxh5 Rd2+ 49. Kf3 Rxa2 50. Rxa2 Kxe7) 46. hxg4 {White is clearly winning.} Kf6 47. Nc5 ({Less strong is} 47. gxh5 Rxe6 48. Rf7+ Kg5 $18) 47... Rxd4 48. gxh5 Rd5 49. Ne4+ Kf5 50. Ke3 Kg4 51. Rxg7+ Rxg7 52. Rxg7+ Kh4 53. Nf6 {Precision: White = 60%, Black = 44%.} 1-0

[Event "Turkey IS Bank Super League 2017"]
[Site "Darica-Kocaeli"]
[Date "2017.07.29"]
[Round "4"]
[White "Salgado Lopez, Ivan"]
[Black "Tukhaev, Adam"]
[Result "1/2-1/2"]
[WhiteElo "2622"]
[BlackElo "2558"]
[Annotator "TA"]
[PlyCount "77"]
[EventType "team-tourn"]
[EventCountry "TUR"]
[SourceTitle "playchess.com"]
[Source "ChessBase"]
[SourceQuality "1"]

{[%evp 16,77,20,27,27,21,21,21,21,20,26,1,18,0,14,27,25,14,12,22,9,15,35,35,21,30,16,36,35,0,0,0,0,-46,7,-37,0,-56,0,0,0,0,-8,-64,0,-179,-172,-177,-170,-158,0,-50,-50,-51,-51,-80,-42,-126,0,0,0,0,0,-301]} 1. c4 Nf6 2. Nc3 g6 3. e4 d6 4. d4 {[%cal Bd2d4,Bd4d5][%mdl 32]} Bg7 5. Bd3 O-O 6. Nge2 Nc6 7. O-O Nh5 8. Be3 e5 9. d5 Nd4 {E70: King's Indian: Miscellaneous lines with 4 e4, including 5 Nge2 and 5 Bd3 0-0 6 Nge2} 10. Bb1 {[%cal Re2d4]} Qf6 $146 ({Predecessor:} 10... Nxe2+ 11. Nxe2 f5 12. exf5 {½-½ (12) Bareev,E (2665)-Dolmatov,S (2560) Elista 1997}) 11. f3 c5 12. Qd2 {And now Bg5 would win.} Qd8 13. Bg5 f6 14. Bh4 Nf4 (14... a6 {looks sharper.} 15. Bd3 Bd7 16. b3 Qa5 17. Qc1 Qc7) 15. Nxf4 exf4 16. Bd3 g5 17. Bf2 f5 18. Kh1 Be5 19. exf5 Nxf5 20. Ne4 Qe7 21. g4 fxg3 22. Bxg3 Nxg3+ 23. hxg3 Bf5 24. Kg2 Qg7 (24... Bxe4 $15 25. Bxe4 g4) 25. Rab1 Rae8 ({Don't play} 25... Qh6 $6 26. Rh1 $16) (25... Bxe4 $5 26. Bxe4 h5 $15) 26. g4 ({White should play} 26. Rbe1 $11) 26... Bf4 (26... Bxe4 $15 27. Bxe4 h5 $1 {[%mdl 512]}) 27. Qc3 Be5 28. Qc2 Bg6 29. Rh1 {[#]} (29. Rbe1 $11) 29... Rf4 ({Better is} 29... h5 $1 $15 {[%mdl 512]} 30. Rbf1 (30. gxh5 Bxe4 31. Bxe4 g4 $17) (30. Nxg5 $2 Bxd3 31. Qxd3 Qxg5 $19) 30... hxg4 31. fxg4 b6) 30. Rh3 $2 {[#]} (30. Nf2 $11) 30... h5 $1 $19 {[%cal Rh5g4]} 31. Nf2 Bxd3 32. Qxd3 {[#]} Rd4 $2 (32... Bd4 $1 $17 {[%cal Rd4f2]} 33. gxh5 Re3) 33. Qc2 h4 34. Re1 $1 Rf8 35. Re4 Qf6 36. Rxd4 (36. a4 $15) 36... cxd4 (36... Bxd4 $17 37. Ne4 Qe5) 37. Ne4 $11 {The position is equal.} Qf4 {[#]} 38. Nxd6 $1 {[%mdl 512] Black must now prevent Qg6+.} Bxd6 $4 {[%mdl 8192]} (38... d3 $11 39. Qxd3 Bxd6 40. Qg6+ Kh8 41. Qh6+ Kg8 42. Qg6+ Kh8 43. Qh6+ Kg8 44. Qg6+) 39. Qg6+ {[%mdl 32768] Precision: White = 49%, Black = 47%. . An unexpected result.} 1/2-1/2

[Event "Turkey IS Bank Super League 2017"]
[Site "Darica-Kocaeli"]
[Date "2017.07.29"]
[Round "4"]
[White "Heberla, Bartlomiej"]
[Black "Karagollu, Ahmet"]
[Result "1-0"]
[WhiteElo "2577"]
[BlackElo "2083"]
[Annotator "TA"]
[PlyCount "125"]
[EventType "team-tourn"]
[EventCountry "TUR"]
[SourceTitle "playchess.com"]
[Source "ChessBase"]
[SourceQuality "1"]

{[%evp 10,125,-3,-15,-12,-10,-18,-8,-15,-14,-19,-93,0,0,0,0,0,0,0,4,4,4,0,-27,14,0,13,16,17,14,16,16,13,4,29,3,7,0,0,0,0,0,0,0,17,18,17,0,6,0,0,0,9,0,60,42,45,35,65,72,65,68,68,0,41,46,68,8,25,17,20,16,21,19,22,15,66,68,70,64,87,62,66,62,87,70,70,70,445,423,593,593,593,593,593,586,572,572,560,560,559,559,559,559,559,559,552,262,1927,0,255,237,3579,3797,29975,29974,29977,29978]} 1. e4 e5 2. Nf3 Nc6 3. d4 exd4 4. Nxd4 Bc5 5. Nb3 Bb6 6. Qe2 {LiveBook: 50 Games. C45: Scotch Game} (6. Nc3 {keeps more tension.} Nf6 7. Bd3 O-O 8. O-O Re8 9. Bg5) (6. Nc3 Nf6 7. Qe2 a5 8. a4 O-O 9. Bg5 h6 10. Bh4 Nd4 11. Qd3 Nxb3 12. cxb3 c6 13. O-O-O d5 14. exd5 cxd5 15. Nxd5 {½-½ (29) Wang,H (2698)-Malakhov,V (2722) Danzhou 2017}) 6... a5 {[%cal Ba7a5,Ba5a4][%mdl 32]} 7. Be3 a4 8. N3d2 {The position is equal.} Bxe3 $146 ({Predecessor:} 8... Ba5 9. Na3 Qf6 10. O-O-O Bb4 11. Ndc4 Na5 12. Nb5 a3 13. Nxc7+ Kf8 14. e5 axb2+ 15. Kb1 Qc6 16. Nxa8 b5 17. Nxa5 Qxa8 18. Nb3 {1-0 (18) Ambartsumova,K (2322)-Bezgodova,M (2162) Moscow 2017}) 9. Qxe3 Nf6 10. e5 {[#]} (10. Bc4 $11) 10... O-O (10... Nd5 $1 $17 {[%cal Rd5e3]} 11. Qe4 Ra5) 11. exf6 $11 {Hoping for Ne4.} Re8 $1 {[%cal Re8e3]} 12. Ne4 d5 13. Nbc3 dxe4 14. Qg5 {[%csl Gf6][%cal Rg5g7]} Qxf6 15. Qxf6 gxf6 16. Nd5 Rd8 (16... Re5 $5 {[%cal Re5d5]} 17. Rd1 Ra5 $15) 17. O-O-O Be6 18. Nxf6+ Kg7 19. Rxd8 Rxd8 20. Nxe4 Nb4 $1 {[%cal Rb4a2]} 21. Bb5 {a3 is the strong threat.} Nxa2+ 22. Kb1 c6 23. Bxa4 b5 24. Bb3 Bxb3 25. cxb3 {[%mdl 4096] Endgame KRN-KRN} Nb4 26. Re1 Rd3 27. Nc3 Rd2 28. Re2 Rd6 29. Re4 Nd3 30. f3 Rg6 31. Kc2 Nc5 (31... f5 $11 32. Rd4 Ne1+ 33. Kd1 Nxg2) 32. Re2 $14 Ne6 33. Rd2 h5 34. g3 h4 35. Ne2 $1 hxg3 36. Nxg3 (36. hxg3 $14 Rh6 37. b4) 36... Rg5 37. Kc3 Kf8 38. Re2 ({White should play} 38. Kb4 $14) 38... Rc5+ 39. Kb4 {Strongly threatening Rxe6!} Rc1 40. Rd2 Nd4 41. Rd3 c5+ 42. Ka5 {With the idea b4.} Rc2 (42... b4 $1 $11) 43. Ne4 b4 44. Kb6 Ne6 45. Rd2 Rc1 $1 46. h4 f5 47. Ng5 Nxg5 48. hxg5 {And now Rd5 would win. KR-KR} c4 $2 {[%mdl 8192] [#]} (48... Kg7 $1 $14) 49. Rd5 $1 $18 {[%cal Rd5f5]} cxb3 (49... Kf7 $142 50. bxc4 (50. Rxf5+ Kg6 $18) 50... Rxc4 51. Rxf5+ Kg6) 50. Rxf5+ Kg7 51. f4 Rc2 52. Kb5 Rxb2 53. Kxb4 Rb1 54. Rf6 Rb2 55. Kc4 Rb1 56. Kc3 Kh7 57. f5 {[%cal Bf4f5,Bf5f6][%mdl 32]} Kg7 58. Rg6+ Kh7 $2 (58... Kf7 59. Ra6 Rf1 60. Rf6+ (60. Kxb3 Rxf5 61. Rd6 Rxg5 $11) 60... Kg7 61. Kxb3 Rg1 62. Rg6+ Kf7) 59. Rf6 $2 (59. Rh6+ Kg8 60. f6) 59... Kg7 $1 60. Rh6 {Black must now prevent f6+.} Kg8 $2 (60... Rg1 61. Rg6+ Kf8 62. Kxb3 Kf7) 61. f6 Rg1 62. g6 {[%cal Bg5g6,Bg6g7][%mdl 32]} Rf1 63. g7 {Precision: White = 69%, Black = 39%.} 1-0

[Event "Turkey IS Bank Super League 2017"]
[Site "Darica-Kocaeli"]
[Date "2017.07.29"]
[Round "4"]
[White "Rozum, Ivan"]
[Black "Cheparinov, Ivan"]
[Result "1/2-1/2"]
[WhiteElo "2573"]
[BlackElo "2703"]
[Annotator "TA"]
[PlyCount "76"]
[EventType "team-tourn"]
[EventCountry "TUR"]
[SourceTitle "playchess.com"]
[Source "ChessBase"]
[SourceQuality "1"]

{[%evp 9,76,23,27,26,25,31,21,29,21,29,31,35,35,0,0,7,40,50,42,23,25,0,0,-44,-34,-27,0,-7,-7,0,11,11,11,11,11,11,11,11,11,11,13,10,14,0,22,-7,-7,-8,0,0,0,0,0,0,17,0,12,0,13,0,0,0,14,0,0,0,29,0,0]} 1. Nf3 f5 2. d3 {[%cal Bd2d3,Bd3d4,Bd4d5][%mdl 32]} Nc6 (2... Nf6 3. Nc3 d6 4. e4 g6 5. e5 dxe5 6. Nxe5 Bg7 7. d4 Be6 8. Be2 Nbd7 9. O-O Nxe5 10. dxe5 Nd5 11. Nxd5 Qxd5 12. Qxd5 Bxd5 {0-1 (60) Malakhov,V (2713)-Nepomniachtchi,I (2767) Doha 2016}) 3. d4 Nf6 4. d5 Nb4 5. c4 g6 6. Nc3 {A04: Unusual lines after 1 Nf3 and King's Indian Attack} Bg7 7. g3 O-O 8. Bg2 a5 9. O-O d6 10. Rb1 Na6 $146 11. a3 Nc5 12. Be3 Nfe4 13. Nxe4 Nxe4 14. Nd4 a4 15. Bxe4 fxe4 16. Qc2 Bxd4 $1 17. Bxd4 Bf5 {[#] White must now prevent ...e3!} 18. Be3 b6 19. Rbc1 h5 20. Rfd1 Qd7 21. h4 Kh7 22. Kf1 {[%cal Bg1f1,Bf1e1,Be1d2][%mdl 32]} Rf7 23. Ke1 Ra5 24. Qc3 Ra8 25. Rc2 {[%cal Bc1c2,Bc2d2,Bd2d4][%mdl 32]} Re8 26. Kd2 e5 27. dxe6 Bxe6 28. Rdc1 Ra8 29. Ke1 Ra5 30. Rd2 Qc6 31. Qc2 Bf5 32. Qc3 Be6 33. Qc2 Bf5 34. Qc3 (34. Rd5 $5) 34... Re5 35. Rd4 Rc5 36. Rdd1 Re5 37. Rd4 Rc5 38. Rdd1 Re5 {Precision: White = 58%, Black = 78%.} 1/2-1/2